Responses for show #2371 - Monday, December 19, 1994

Contestants

Frank Patrick, an industrial engineer from Hillsborough, New Jersey

Lena Nowak, a proofreader from Chicago, Illinois

Steve Angelo, a CPA originally from Brooklyn, New York (whose 1-day cash winnings total $11,001)

[next game >>]

Jeopardy! Round responses

20th CENTURY AMERICA
PRO FOOTBALL
TRAVEL & TOURISM
MUSICAL TERMS
NUTRITION
QUOTABLE QUOTES
(Alex: Are there any other kind?)
    $100 19
General Motors

Lena
    $100 14
Washington

Steve
    $100 1
the Mayflower

Steve
    $100 3
falsetto

Lena
    $100 11
eggs

Lena
    $100 25
[Alex busts out his Fred Allen impersonation for the quoted part of this clue.]

television

Steve
    $200 20
Alcatraz

Steve
    $200 15
the Dallas Cowboys

Steve
    $200 2
Kellogg

Frank
    $200 7
movements

Frank
    $200 12
fat

Frank
    $200 26
the rest of your life

Steve
    $300 21
(Lena: What is the Empire State Building... ohhh!)

the Woolworth Building

LenaFrank
    $300 16
the New York Jets

Steve
    $300 4
Utah

Lena
    $300 8
(Steve: What's a plectrum?)
---
(Alex: Don't worry, don't [*].)

a fret

SteveLena
    $300 13
minerals

Steve
    $300 27
time

Steve
    $400 22
the Vietnam Veterans Memorial

Steve
    $400 17
(1 of) Joe Montana (Steve Young & John Brodie)

Steve
    $400 5
(Alex: You can risk up to $500, as you know, Lena.)
(Lena: I'll make it a true Daily Double.)
(Alex: All right, you'll try to double your $400.)

Myrtle Beach

Lena
    $400 9
a glockenspiel

Frank
    $400 24
amino acids

Steve
    $400 28
(Lena: What are angels?)

the gods

Lena
Triple Stumper
    $500 23
Sun City

Lena
    $500 18
George Halas

Steve
    $500 6
the Chisholm Trail

Frank
    $500 10
a slur

Triple Stumper
    $500 30
carbohydrates

Frank
    $500 29
tears

Steve

Scores at the first commercial break (after clue 15):

Steve Lena Frank
$400 $1,200 $1,500

Scores at the end of the Jeopardy! Round:

Steve Lena Frank
$3,700 $1,100 $2,300

Double Jeopardy! Round responses

FIRST LADIES
ENGLISH LIT.
WORLD GEOGRAPHY
ACTORS & THEIR ROLES
ANIMALS
THE MACCABEES
    $200 1
Rosalynn Carter

Steve
    $200 7
(Jonathan) Swift

Lena
    $200 13
the Nile

Steve
    $200 4
Joan Rivers

Steve
    $200 19
a cobra

Frank
    $200 23
Zeus

Steve
    $400 2
Lady Bird Johnson

Lena
    $400 9
Kipling

Steve
    $400 14
the Black Forest

Steve
    $400 8
Oprah Winfrey

Steve
    $400 20
the rhino (rhinoceros)

Steve
    $400 24
(Alex: You know it better as [*]?)

Hanukkah

Triple Stumper
    $600 3
Dolley Madison

Frank
    $600 10
Byron

Steve
    $600 15
the Virgin Islands

Frank
    $600 18
(Lena: What is The Man in the Iron Mask?)

The Count of Monte Cristo

SteveLena
    $600 21
the gestation period

Steve
    $600 25
St. Augustine

Triple Stumper
    $1,100 5
(Steve: Who is Hayes, [*]?)

(Lemonade) Lucy Hayes

Steve
    $800 11
E.M. Forster

Steve
    $800 16
the East River

Steve
    $800 27
Harold Hill

Lena
    $2,400 22
(Steve: What's the macaw?)
---
(Alex: If you had polished your own shoes with this particular brand you might know. What is [*]?)

the kiwi

Steve
    $800 26
King Herod

Steve
    $1000 6
Mrs. Harding

Steve
    $1000 12
(Frank: Oh...)
(Alex: Hurry.)
(Frank: [No answer.])
---
(Alex: You go back to the 1370s, who is [*]?)

Geoffrey Chaucer

Frank
Triple Stumper
    $1000 17
(Steve: What's the Platte River?)

the Missouri River

SteveLena
    $1000 28
(Frank: Who is John Garner?)

John Gavin

LenaFrank
    $1000 29
a bactrian camel

Lena
    $1000 30
Judas

Triple Stumper

Scores at the end of the Double Jeopardy! Round:

Steve Lena Frank
$9,000 $4,900 $1,700

[wagering suggestions for these scores]

Final Jeopardy! Round responses

AMERICAN ARTISTS
(Alex: I hope none of you wrote down "Rembrandt", because you'd be wrong.)
FrankWho is Stuart?
$800
LenaWho is Norman Rockwell?
$4,101
SteveWho was Warhol?
$801
Norman Rockwell

Final scores:

Steve Lena Frank
$8,199 $9,001 $900
2nd place: Kingsdown sleep set + Pacific Coast down comforter New champion: $9,001 3rd place: Armitron watches

Game dynamics:

Coryat scores:

Steve Lena Frank
$11,100 $4,900 $1,700
30 R
(including 1 DD),
3 W
(including 1 DD)
13 R
(including 1 DD),
3 W
10 R,
2 W

Combined Coryat: $17,700

The J! Archive is created by fans, for fans. The Jeopardy! game show and all elements thereof, including but not limited to copyright and trademark thereto, are the property of Jeopardy Productions, Inc. and are protected under law. This website is not affiliated with, sponsored by, or operated by Jeopardy Productions, Inc. Join the discussion at JBoard.tv.